1850 1908 1680 1282 1846 1699 1800 1893 1927 1587 1830 1679 1705 1310 1086 1261 1279 1239 1687 1697 1031 1734 1308 1627 1441 1621 1295 1984 1658 1089 1864 1681 1520 1101 1442 1739 1193 1304 1097 1735 1145 1810 1656 1441 1086 1058 1882 1093 1659 1608 1993 1574 1819 1687 1811 1454 1778 1397 1055 1747 1369 1092 1544 1653 1380 1303 1608 1558 1757 1341 1666 1523 1058 1877 1758 1257 1428 1377 1536 1174 1291 1288 1356 1324 1089 1680 1460 1199 1122 1633 1699 1007 1239 1098 1415 1691 1752 1604 1824 BCNSPRNW ULIB Ver.6.0+V

เปลี่ยนเป็นภาษาไทย

Change to English
 แสดงรายละเอียดบรรณานุกรม
  กลับหน้าหลัก

Brief Record : Get Marc (ISO 2709) : E-mail record : QR code < ปิดหน้าต่าง
LEADER : 00000nam 2200000uu 4500
001    13399122497
003     ULIB
008    120321s2552||||th 000 0 tha d
020    ^a9786165000833
090    ^aนว.^bค342ต
100 0  ^aคีตฌาณ์
245 00 ^aตามรักข้ามเวลา/^cคีตฌาณ์
260    ^aกรุงเทพฯ :^bพิมพ์คำ,^c2552
300    ^a472 หน้า
710 1  ^aพิมพ์คำ
945    ^p270^l0^i19956
995    ^aทศพร
999    ^aใช้งานได้ทุกระบบ
รายการนี้ยังไม่มีแท็ก
คุณยังไม่ได้ล็อกอิน คุณสามารถมีกิจกรรมร่วมกับเว็บไซต์ได้ แต่ต้องล็อกอินก่อน ::
  ล็อกอิน

รายการสื่อสารสนเทศ

ลำดับที่ ประเภท เลขเรียก/บาร์โค้ด สถานที่ สถานะ
1. นวนิยาย
นวนิยาย
นว. ค342ต ฉ.1 
  Barcode: 19956
ห้องสมุดวิทยาเขตสวรรค์ประชารักษ์
►นวนิยาย
บนชั้น
  ขอยืม

รายการใกล้เคียง
    ผู้แต่ง [คีตฌาณ์]

BibComment


ยังไม่เคยถูกคอมเมนท์

คอมเมนท์ทรัพยากรรายการนี้
  คอมเมนท์: ตามรักข้ามเวลา ค..


 Copyright 2026. Bcnsprnw @Library